| Tag |
First Indicator |
Second Indicator |
Subfields |
| LEADER |
00000cam a2200000Ka 4500 |
| 001 |
in00004024713 |
| 005 |
20221224004417.7 |
| 006 |
m o d |
| 007 |
cr bn||||||abp |
| 007 |
cr bn||||||ada |
| 008 |
160429s1987 mx a ob 001 0 spa d |
| 020 |
|
|
|a 9789681203733
|q (electronic bk.)
|
| 020 |
|
|
|a 9681203739
|q (electronic bk.)
|
| 035 |
|
|
|a (OCoLC)ocn948328277
|
| 035 |
|
|
|a (OCoLC)948328277
|
| 037 |
|
|
|a 22573/ctv25q5gh
|b JSTOR
|
| 040 |
|
|
|a OCLCE
|b eng
|e pn
|c OCLCE
|d OCLCO
|d OCLCQ
|d JSTOR
|d UtOrBLW
|
| 042 |
|
|
|a dlr
|
| 043 |
|
|
|a n-mx---
|
| 049 |
|
|
|a TXAM
|
| 050 |
|
4 |
|a F1221.N3
|b G37 1987
|
| 072 |
|
7 |
|a HIS
|x 025000
|2 bisacsh
|
| 072 |
|
7 |
|a SOC
|x 062000
|2 bisacsh
|
| 082 |
0 |
4 |
|a 972/.4800497
|2 19
|
| 084 |
|
|
|a NW 2671
|2 rvk
|
| 100 |
1 |
|
|a García Martínez, Bernardo.
|0 http://id.loc.gov/authorities/names/n88072398
|
| 245 |
1 |
4 |
|a Los pueblos de la Sierra :
|b el poder y el espacio entre los indios del norte de Puebla hasta 1700 /
|c Bernardo García Martínez.
|
| 250 |
|
|
|a 1a ed.
|
| 264 |
|
1 |
|a México, D.F. :
|b El Colegio de México, Centro de Estudios Históricos,
|c 1987.
|
| 300 |
|
|
|a 1 online resource (424 pages) :
|b illustrations
|
| 336 |
|
|
|a text
|b txt
|2 rdacontent
|
| 337 |
|
|
|a computer
|b c
|2 rdamedia
|
| 338 |
|
|
|a online resource
|b cr
|2 rdacarrier
|
| 504 |
|
|
|a Includes bibliographical references (pages 381-405) and index.
|
| 588 |
0 |
|
|a Print version record.
|
| 538 |
|
|
|a Master and use copy. Digital master created according to Benchmark for Faithful Digital Reproductions of Monographs and Serials, Version 1. Digital Library Federation, December 2002.
|u http://purl.oclc.org/DLF/benchrepro0212
|5 MiAaHDL
|
| 583 |
1 |
|
|a digitized
|c 2011
|h HathiTrust Digital Library
|l committed to preserve
|2 pda
|5 MiAaHDL
|
| 500 |
|
|
|a Electronic resource.
|
| 650 |
|
0 |
|a Nahuas
|x Politics and government.
|
| 650 |
|
0 |
|a Indians of Mexico
|z Mexico
|z Puebla (State)
|x Politics and government.
|
| 650 |
|
0 |
|a Human geography
|z Mexico
|z Puebla (State)
|
| 651 |
|
0 |
|a Puebla (Mexico : State)
|x Historical geography.
|
| 650 |
|
7 |
|a Historical geography.
|2 fast
|0 (OCoLC)fst00958122
|
| 650 |
|
7 |
|a Human geography.
|2 fast
|0 (OCoLC)fst00963107
|
| 650 |
|
7 |
|a Indians of Mexico
|x Politics and government.
|2 fast
|0 (OCoLC)fst00969609
|
| 650 |
|
7 |
|a Nahuas
|x Politics and government.
|2 fast
|0 (OCoLC)fst01032214
|
| 651 |
|
7 |
|a Mexico
|z Puebla (State)
|2 fast
|0 (OCoLC)fst01330642
|
| 650 |
|
7 |
|a NAHUAS
|x POLITICA Y GOBIERNO.
|2 renib
|
| 650 |
|
7 |
|a INDIOS DE MEXICO
|z PUEBLA
|x POLITICA Y GOBIERNO.
|2 renib
|
| 650 |
|
7 |
|a GEOGRAFIA HUMANA
|z MEXICO
|z PUEBLA.
|2 renib
|
| 650 |
|
7 |
|a Encomiendas.
|2 ram
|
| 650 |
|
7 |
|a Indiens
|z Mexique
|z Puebla (Mexique ; région)
|x Histoire.
|2 ram
|
| 650 |
|
7 |
|a Nahua (Indiens)
|x Histoire.
|2 ram
|
| 650 |
|
7 |
|a Géographie humaine
|z Mexique
|z Puebla (Etat)
|2 ram
|
| 651 |
|
7 |
|a Puebla (Mexique ; région)
|x Conditions sociales.
|2 ram
|
| 651 |
|
7 |
|a Puebla (Mexique ; État)
|x Géographie historique.
|2 ram
|
| 651 |
|
7 |
|a Indianer.
|2 swd
|
| 651 |
|
7 |
|a Puebla.
|2 swd
|
| 650 |
|
7 |
|a HISTORY / Latin America / Mexico.
|2 bisacsh
|
| 648 |
|
7 |
|a Geschichte Anfänge-1700.
|2 swd
|
| 655 |
|
7 |
|a Electronic books.
|2 local
|
| 710 |
2 |
|
|a JSTOR (Organization)
|0 http://id.loc.gov/authorities/names/no97001983
|
| 776 |
0 |
8 |
|i Print version:
|a García Martínez, Bernardo.
|t Pueblos de la Sierra.
|b 1a ed.
|d México, D.F. : El Colegio de México, Centro de Estudios Históricos, 1987
|w (DLC) 88156542
|w (OCoLC)18496703
|
| 856 |
4 |
0 |
|u http://proxy.library.tamu.edu/login?url=http://www.jstor.org/stable/10.2307/j.ctv26d893
|z Connect to the full text of this electronic book
|t 0
|
| 999 |
f |
f |
|s b51dff19-ff4f-3cb2-a12d-1788337ce1f5
|i 589f4ba6-1239-3409-b8dd-c6a63db5df53
|t 0
|
| 952 |
f |
f |
|a Texas A&M University
|b College Station
|c Electronic Resources
|d Available Online
|t 0
|e F1221.N3 G37 1987
|h Library of Congress classification
|
| 998 |
f |
f |
|a F1221.N3 G37 1987
|t 0
|l Available Online
|